[Event "San Sebastian de los Reyes op 14th"]
[Site "San Sebastian"]
[Date "2012.12.09"]
[Round "9"]
[White "Santamaria Farran, Pablo"]
[Black "Gonzalez Berrendero, Carlos"]
[Result "1/2-1/2"]
[WhiteElo "1880"]
[BlackElo "1743"]
[PlyCount "91"]
[EventDate "2012.12.01"]
[EventType "swiss"]
[EventRounds "9"]
[EventCountry "ESP"]
[SourceTitle "EXT 2014"]
[Source "ChessBase"]
[SourceDate "2013.11.20"]
[SourceVersion "1"]
[SourceVersionDate "2013.11.20"]
[SourceQuality "1"]

1. e4 e6 2. d3 d5 3. Nd2 Nf6 4. Ngf3 Bc5 5. d4 Bb6 6. e5 Nfd7 7. Be2 c5 8. c3 Nc6 9. Nb3 a5 10. Be3 cxd4 11. cxd4 0-0 12. 0-0 f6 13. exf6 Nxf6 14. Bg5 Qd6 15. Re1 Bc7 16. Bh4 Ne4 17. Bg3 Nxg3 18. hxg3 b6 19. Rc1 Bd7 20. Qc2 Rac8 21. Ba6 Nb4 22. Qe2 Nxa6 23. Qxa6 a4 24. Nbd2 b5 25. Qxd6 Bxd6 26. Ne5 Rxc1 27. Rxc1 Rc8 28. Rxc8+ Bxc8 29. a3 b4 30. axb4 Bxb4 31. Nb1 Kf8 32. Nc6 Bd6 33. Na3 Ba6 34. g4 Ke8 35. g3 Kd7 36. Ne5+ Bxe5 37. dxe5 Be2 38. f4 Bxg4 39. Kf2 Kc6 40. Nc2 g6 41. Ke3 Kc5 42. Kd2 h5 43. Kc3 Bf5 44. Nd4 Bg4 45. Nc2 Bh3 46. Nd4 1/2-1/2

[Event "San Sebastian de los Reyes op 14th"]
[Site "San Sebastian"]
[Date "2012.12.08"]
[Round "8"]
[White "Perez Alvarez, Javier"]
[Black "Santamaria Farran, Pablo"]
[Result "1/2-1/2"]
[WhiteElo "1824"]
[BlackElo "1880"]
[PlyCount "78"]
[EventDate "2012.12.01"]
[EventType "swiss"]
[EventRounds "9"]
[EventCountry "ESP"]
[SourceTitle "CBM 151 Extra"]
[Source "ChessBase"]
[SourceDate "2012.12.18"]
[SourceVersion "1"]
[SourceVersionDate "2012.12.18"]
[SourceQuality "1"]

1. e4 c5 2. Nf3 d6 3. d4 cxd4 4. Nxd4 Nf6 5. f3 a6 6. c4 g6 7. Nc3 Bg7 8. Be2 0-0 9. 0-0 Bd7 10. Be3 Nc6 11. Nc2 Rc8 12. Qd2 Ne5 13. b3 Bc6 14. Rac1 h5 15. Rfe1 Kh7 16. h3 Ned7 17. Nd5 Bxd5 18. exd5 Ng8 19. Nd4 Bh6 20. Bd3 Bxe3+ 21. Qxe3 Qb6 22. Kh1 Rfe8 23. Qf4 Nh6 24. Bb1 Nf8 25. g4 hxg4 26. hxg4 e5 27. dxe6 Nxe6 28. Nxe6 Rxe6 29. Rxe6 fxe6 30. g5 Nf5 31. Qh2+ Kg8 32. Bxf5 exf5 33. Re1 Qc6 34. Qe2 d5 35. cxd5 Qxd5 36. Qe6+ Qxe6 37. Rxe6 Kf7 38. Rf6+ Kg7 39. Rb6 Rc7 1/2-1/2

[Event "San Sebastian de los Reyes op 14th"]
[Site "San Sebastian"]
[Date "2012.12.04"]
[Round "4"]
[White "Santamaria Farran, Pablo"]
[Black "Bustos Serrano, Doroteo"]
[Result "1/2-1/2"]
[WhiteElo "1880"]
[BlackElo "2098"]
[PlyCount "34"]
[EventDate "2012.12.01"]
[EventType "swiss"]
[EventRounds "9"]
[EventCountry "ESP"]
[SourceTitle "CBM 151 Extra"]
[Source "ChessBase"]
[SourceDate "2012.12.18"]
[SourceVersion "1"]
[SourceVersionDate "2012.12.18"]
[SourceQuality "1"]

1. e4 e5 2. Nf3 f5 3. Nxe5 Qf6 4. Nc4 fxe4 5. Nc3 d6 6. Ne3 Qg6 7. d3 exd3 8. Bxd3 Qf7 9. 0-0 Be6 10. Ned5 Bxd5 11. Nxd5 Nc6 12. Re1+ Kd8 13. Qe2 Ne5 14. Bg5+ Nf6 15. Bc4 Qg6 16. f4 Nxc4 17. Qxc4 c6 1/2-1/2